Estructura de un bosque de niebla en la cordillera occidental, Valle del Cauca, Colombia (Registro nro. 15039)

Detalles MARC
000 -CABECERA
Campo de control 004140000a22001330004500
090 ## - CLASIFICACIÓN LOCAL
Colección AS
Consecutivo Seriadas
041 0# - IDIOMA
Código de idioma para texto/pista de sonido o título separado
100 1# - ASIENTO PRINCIPAL--NOMBRE PERSONAL
Nombre personal Kattan, Gustavo H.
245 10 - MENCION DE TITULO
Título Estructura de un bosque de niebla en la cordillera occidental, Valle del Cauca, Colombia
700 1# - ASIENTO SECUNDARIO - NOMBRE PERSONAL
Nombre personal Restrepo, Carla
700 1# - ASIENTO SECUNDARIO - NOMBRE PERSONAL
Nombre personal Giraldo, Manuel
773 1# - Item fuente:
Título Cespedesia
Especificación de materiales 124
Descripción física 47-48
Paginas del Articulo 23-43
Lugar, editorial y fecha de publicación 1984
Información sobre la relación 13
942 ## - ELEMENTOS ADICIONALES (KOHA)
Tipo de ítem Artículo

No hay ítems disponibles.